000 00256 a2200109 4500
001 51230
040 _cAnchieta - Pituba
240 1 0 _aBaile de máscaras 2014
_l
245 1 0 _aBaile de máscaras 2014
650 4 _aLínguas espanhola e portuguesa
942 _cMX
999 _c51230
_d51230